| 000 | 00478 a2200145 4500 | ||
|---|---|---|---|
| 003 | Nust | ||
| 005 | 20170207154010.0 | ||
| 040 | _cNust | ||
| 100 | _aNetwork Associates, | ||
| 245 |
_aAn Introduction to Cryptography (E-Book) _cNetwork Associates |
||
| 260 |
_aUSA _bNetwork Associates, Inc. (408) 988-3832 main 3965 Freedom Circle Santa Clara, CA 95054 _c1990 |
||
| 300 | _ax,80,p | ||
| 505 | _aThe Basics of Cryptography (Page-11) Phil Zimmermann on PGP(Page-29) | ||
| 651 | _aE-Book | ||
| 942 |
_2ddc _cBK |
||
| 999 |
_c191165 _d191165 |
||